000 01413nam a2200241 i 4500
001 27284
003 ES-MaACL
005 20250826010004.0
007 t|
008 030114m19721983sp |||| | spa d
110 2 _aAsociación Internacional de los Trabajadores (1864-1876).
_bFederación Regional Española.
_91734
245 1 0 _aCartas, comunicaciones y circulares... /
_cAsociación Internacional de los Trabajadores ; transcripción, estudio preliminar, notas e índices por Carlos Seco Serrano y [María Teresa Martínez de Sas].
260 _aBarcelona :
_bUniversidad, Facultad de Filosofía y Letras,
_c[1972-83]
300 _a4 v. ;
_c24 cm.
490 1 _aColección de documentos para el estudio de los movimientos obreros en España en la época contemporánea
505 8 _aContiene: v. I-II: Cartas, comunicaciones y cirulares del III Consejo Federal de la Región Española (septiembre-diciembre 1872) - v. III-IV: Cartas, comunicaciones y cirulares de la Comisión Federal de la Región Española (enero-mayo 1873)
650 0 4 _aMovimiento obrero-
_zEspaña-
_vHistoria.
_915214
700 1 _aSeco Serrano, Carlos,
_d1923-2020
_9105054
700 1 _aMartínez de Sas, María Teresa.
_978032
830 0 0 _aColección de documentos para el estudio de los movimientos obreros en España en la época contemporánea
_9242087
852 _aES-MaACL
_jL-6354-57
999 _c27284
_d27284